The boxer

Bibliographic Details
Main Author: Nicholas, Anna Katherine
Format: Book
Published: New Jersey : Tropical Fish Hobbyist Publishing , 1984
Subjects:

MARC

LEADER 00000cam a2200000 7i4500
001 0000000229
002 000000298
005 20000330.0
020 |a 0866220283 
090 0 0 |a 636.73   |b NIC 
100 1 |a Nicholas, Anna Katherine 
245 1 4 |a The boxer   |c Anna Katherine Nicholas 
260 |a New Jersey :   |b Tropical Fish Hobbyist Publishing ,   |c 1984 
300 |a 288p. ;   |c 21cm. 
650 0 0 |a Boxer   |x Dog 
999 |a 027985   |b BUKU   |c PINJAMAN   |e PERPUSTAKAAN KOMUNITI PETALING JAYA